Rainbow 6 Quiz - Statistics

General Stats
  • This quiz has been taken 3,156 times
  • The average score is 9 of 15
Answer Stats
Question Answer % Correct
Whats IQ Unique Ability Electronic Sensor
94%
How Made R6? Ubisoft
90%
What Kapkan's Trap Called? EDD
83%
Was Gun As A Fire Rate Of Over 1000? VECTOR
83%
Who Used To Have ACOG As A Sight? Jager
75%
What Was The First Defender With A Shield? Clash
67%
What Was The First Season Called? Black Ice
64%
What Dokkaebi Real Name? Grace Nam
59%
What Level Do u Need To Be To Play Ranked? 30
58%
What Map Has 5 Cams? Plane
54%
What Operator Has Been Nerfed The Most? Blackbeard
47%
New Operator Names 2019 June? Nokk And Warden
39%
Final Question : How Many Elite Operator Skins Are They? 12
29%
How Many Operators Are In A Year Pass? 8
20%
What Map Has A Garage? Outback
8%
No matching quizzes found
Score Distribution
Percent of People with Each Score
Percentile by Number Answered
Your Score History
You have not taken this quiz